| 000 | 01481nam a2200241Ia 4500 | ||
|---|---|---|---|
| 003 | Ost | ||
| 005 | 20260507075801.0 | ||
| 008 | 260507s9999||||xx |||||||||||||| ||und|| | ||
| 020 | _a9960050416 | ||
| 040 | _cfsecg | ||
| 041 | _aara | ||
| 082 | _a330.1543 | ||
| 100 |
_aعبد الرحمن، عبد المحمود محمد _eمؤلف |
||
| 245 | 0 |
_aمقدمة في الاقتصاد القياسي / _c عبد المحمود محمد عبد الرحمن |
|
| 260 |
_aالرياض : _bجامعة الملك سعود, _c1995 |
||
| 300 |
_a520 صفحة؛ _bإيضاحات ؛ _c24 سم |
||
| 504 | _aالملاحق ص.425 بيبليوغرافيا: ص ص485-491 كشاف مصطلحات ص.493 | ||
| 520 | _aيهتم بدراسة نموذج الانحدار الخطي، النموذج الخطي لمتغيرين أو الانحدار البسيط والنموذج الخطي العام أو الانحدار المتعددة، يتناول المشكلات القياسية في نموذج الانحدار الارتباط الخطي المتعدد، اختلاف التباين والارتباط الذاتي المتغيرات المتباطئة، موضوعات في الاقتصاد القياسي ونماذج المعادلات الآنية وفي الأخير مراحل البحث القياسي التطبيقي. | ||
| 653 | _aالاقتصاد | ||
| 653 | _aالاقتصاد التحليلي | ||
| 653 | _aالاقتصاد الرياضي | ||
| 942 | _cكتاب | ||
| 999 |
_c46273 _d46273 |
||